Central Library OPAC University of Rajshahi

নাট্যকার শওকত ওসমান / (Record no. 83024)

MARC details
000 -LEADER
fixed length control field 01426nam a2200253 a 4500
001 - CONTROL NUMBER
RUCL Control Number 83024
003 - CONTROL NUMBER IDENTIFIER
rucl marc code BD-RjUL
005 - DATE AND TIME OF LATEST TRANSACTION
control field 20240208152423.0
008 - FIXED-LENGTH DATA ELEMENTS--GENERAL INFORMATION
fixed length control field 240208s2006 bg ||||| m||| 00| 0 ben d
035 ## - SYSTEM CONTROL NUMBER
system control number (BD-RjUL)83024
040 ## - CATALOGING SOURCE
Original cataloging agency BD-RjUL
Language of cataloging ben / eng
Transcribing agency BD-RjUL
Modifying agency BD-RjUL
041 ## - LANGUAGE CODE
Language code of Book ben
082 ## - DEWEY DECIMAL CLASSIFICATION NUMBER
DDC Edition number 23
Classification number 891.44209
Author mark and Year BHN 2006
100 ## - MAIN ENTRY--PERSONAL NAME
Personal name ভৌমিক, স্মৃতি রানী
9 (RLIN) 11588
245 10 - TITLE STATEMENT
Title নাট্যকার শওকত ওসমান /
Statement of responsibility, etc স্মৃতি রানী ভৌমিক ;
Name of Supervisor/Co-Supervisor গবেষণা তত্ত্বাবধায়ক : খোন্দকার সিরজুল হক
260 ## - PUBLICATION, DISTRIBUTION, ETC. (IMPRINT)
Place of publication, distribution, etc রাজশাহী :
Name of publisher, distributor, etc বাংলা বিভাগ, রাজশাহী বিশ্ববিদ্যালয়,
Date of publication, distribution, etc ২০০৬
300 ## - PHYSICAL DESCRIPTION
Pagination [৪], ১২১ পাতা ;
Dimensions ২৯ সেমি.
502 ## - DISSERTATION NOTE
Dissertation note থিসিস (এম. ফিল.) -- বাংলা বিভাগ, রাজশাহী বিশ্ববিদ্যালয়, ২০০৬
504 ## - BIBLIOGRAPHY, ETC. NOTE
Bibliography, etc গ্রন্থপঞ্জি : পাতা ১১৫-১২১
650 ## - SUBJECT ADDED ENTRY--TOPICAL TERM
Topical term or geographic name as entry element বাংলা সাহিত্য
Form subdivision ইতিহাস ও সমালোচনা
Topical term or geographic name as entry element Bengali literature
Form subdivision History and Criticism
700 ## - ADDED ENTRY--SUPERVISOR/CO-SUPERVISOR NAME
Personal name হক, খোন্দকার সিরজুল, গবেষণা তত্ত্বাবধায়ক
9 (RLIN) 11589
942 ## - ADDED ENTRY ELEMENTS (KOHA)
Source of classification or shelving scheme Dewey Decimal Classification
Koha item type Theses
Holdings
Source of classification or shelving scheme Damaged status Not for loan Collection code Permanent Location Current Location Shelving location Date of accession Source of acquisition Total Checkouts Full call number Barcode Date last seen Copy number Thesis
Dewey Decimal Classification   Not For Loan Theses Central Library, University of Rajshahi Central Library, University of Rajshahi Documentation Section 27/04/2008 Controller of Exam. R. U.   BTHE 891.44209 BHN 2006 D2913 08/02/2024 C-I Theses